000 10236cam a2201981 a 4500
999 _c55978
001 14554596
003 LIBRIS
005 20210216125411.0
008 130629s2013 sw ||||g||||||000 0aswe|c
020 _a9789198007589
_qinb.
035 _a(BOKR)9789198007589
035 _a(Bo)521017
040 _aBOKR
_dTkb
_dS
_ea
041 1 _aswe
_heng
082 0 4 _a305.5692092
_223/swe
084 _aQdfjb
_2kssb/8
100 1 _aBowen, James,
_d1979-
_4aut
_0https://libris.kb.se/c9ps132w5shhpvm#it
240 1 2 _aA street cat named Bob.
_lSvenska
245 1 0 _aGatukatten Bob :
_b[berättelsen om hur en man och en katt tillsammans fann hopp på gatorna] /
_cav James Bowen ; [översättning av Lottie Eriksson].
250 _a1. uppl.
264 1 _aGöteborg :
_bNona,
_c2013
264 3 _aFalun :
_bScandbook
300 _a252 s.
_c23 cm
600 1 4 _aBowen, James,
_d1979-
_0https://libris.kb.se/c9ps132w5shhpvm#it
648 7 _a2000-talet
_0https://id.kb.se/term/sao/2000-talet
_2sao
650 7 _aDjur och människor
_0https://id.kb.se/term/sao/Djur%20och%20m%C3%A4nniskor
_2sao
650 7 _aHemlösa män
_0https://id.kb.se/term/sao/Heml%C3%B6sa%20m%C3%A4n
_2sao
650 7 _aKatter
_0https://id.kb.se/term/sao/Katter
_2sao
650 0 _aHuman-animal relationships
650 0 _aHomeless men
650 0 _aCats
651 7 _aStorbritannien
_zLondon
_0https://id.kb.se/term/sao/Storbritannien--London
_2sao
655 7 _aSjälvbiografier
_0https://id.kb.se/term/saogf/Sj%C3%A4lvbiografier
_2saogf
951 s _6651
_aLondon
_zLondon
887 _a{"@id":"vd6bt7z61mv0jt5","modified":"2017-04-26T13:53:17+02:00","checksum":"146942510147"}
_2librisxl
887 _a{"@id":"9fm53d8g239lq4c","modified":"2013-09-19T17:15:42+02:00","checksum":"70207353298"}
_2librisxl
887 _a{"@id":"v06v0kd115v9w67","modified":"2014-08-25T11:00:35+02:00","checksum":"124031904571"}
_2librisxl
887 _a{"@id":"v06r5dk1007hx9d","modified":"2013-11-22T10:08:11+01:00","checksum":"125966730540"}
_2librisxl
887 _a{"@id":"48hd51j924vrdg2","modified":"2016-01-25T13:43:26+01:00","checksum":"68533913055"}
_2librisxl
887 _a{"@id":"glsbf9nm06p0xmg","modified":"2015-01-14T16:20:40+01:00","checksum":"71349500112"}
_2librisxl
887 _a{"@id":"bgn9rtxh0mpcwgj","modified":"2014-04-01T12:22:25+02:00","checksum":"80801507141"}
_2librisxl
887 _a{"@id":"x28t6jq34jjm0hf","modified":"2014-03-05T19:25:48+01:00","checksum":"110455049757"}
_2librisxl
887 _a{"@id":"qv2nhhmw17rjjt4","modified":"2014-03-05T15:22:09+01:00","checksum":"117138324272"}
_2librisxl
887 _a{"@id":"x28st7m30hzwkvk","modified":"2013-10-02T18:48:42+02:00","checksum":"116692329880"}
_2librisxl
887 _a{"@id":"x28zgl833s8x386","modified":"2014-08-26T08:24:42+02:00","checksum":"117999590502"}
_2librisxl
887 _a{"@id":"7ck3s23d2lwg045","modified":"2013-09-18T13:39:05+02:00","checksum":"63602854219"}
_2librisxl
887 _a{"@id":"rw3m6r2x1lvr0b5","modified":"2013-08-02T13:33:46+02:00","checksum":"119560642235"}
_2librisxl
887 _a{"@id":"3gpznt3f1jktnmqz","modified":"2021-01-27T23:27:20.165+01:00","checksum":"77290727148"}
_2librisxl
887 _a{"@id":"mrzhg4ds3wcrfdw","modified":"2013-09-20T17:44:34+02:00","checksum":"113591654915"}
_2librisxl
887 _a{"@id":"mrzjw9vs1kdd96h","modified":"2013-11-15T17:06:27+01:00","checksum":"125346691809"}
_2librisxl
887 _a{"@id":"26dxw0m735qmwzr","modified":"2016-02-15T16:05:31+01:00","checksum":"102707899196"}
_2librisxl
887 _a{"@id":"x28sr0j319dh8dr","modified":"2016-03-07T10:24:12+01:00","checksum":"113093621424"}
_2librisxl
887 _a{"@id":"x282kzr309qb0zh","modified":"2016-01-19T08:07:11+01:00","checksum":"104532090179"}
_2librisxl
887 _a{"@id":"lqxnpgcr1lf7105","modified":"2014-12-22T14:38:37+01:00","checksum":"107060642155"}
_2librisxl
887 _a{"@id":"tz5ptmz05h5n89c","modified":"2014-09-10T14:17:43+02:00","checksum":"122617157572"}
_2librisxl
887 _a{"@id":"48g0cmd94q5dln1","modified":"2013-08-13T20:27:00+02:00","checksum":"94744530989"}
_2librisxl
887 _a{"@id":"z39tk1t448q1g1d","modified":"2013-08-28T09:02:06+02:00","checksum":"117329204828"}
_2librisxl
887 _a{"@id":"hmvsc24n54nmtm9","modified":"2016-02-25T08:32:22+01:00","checksum":"99533457709"}
_2librisxl
887 _a{"@id":"59h6nfbb04kfd2d","modified":"2014-08-22T15:53:07+02:00","checksum":"70353376853"}
_2librisxl
887 _a{"@id":"kpxq9snq4wqqp6k","modified":"2015-06-22T11:11:42+02:00","checksum":"102641387352"}
_2librisxl
887 _a{"@id":"hmtc3l3n3g30b0v","modified":"2014-12-02T18:36:40+01:00","checksum":"71419861472"}
_2librisxl
887 _a{"@id":"6bkkmk3c2bs85qw","modified":"2016-05-03T08:23:42+02:00","checksum":"76370032252"}
_2librisxl
887 _a{"@id":"qv2vzftw4llzpt0","modified":"2015-02-11T14:53:39+01:00","checksum":"115253344568"}
_2librisxl
887 _a{"@id":"mr0th6hs3g2m9kj","modified":"2015-12-03T12:07:55+01:00","checksum":"95185359306"}
_2librisxl
887 _a{"@id":"x28swv531fb94sb","modified":"2013-10-17T08:35:25+02:00","checksum":"114702646580"}
_2librisxl
887 _a{"@id":"48g0q5g90s9gm0n","modified":"2013-08-27T14:01:45+02:00","checksum":"75490998642"}
_2librisxl
887 _a{"@id":"z39th3b4053zgzr","modified":"2013-08-19T19:51:11+02:00","checksum":"104497258466"}
_2librisxl
887 _a{"@id":"tz5q119041mb9pq","modified":"2013-11-05T13:39:23+01:00","checksum":"120660077750"}
_2librisxl
887 _a{"@id":"hmtch48n0mm9q5p","modified":"2013-10-23T14:51:26+02:00","checksum":"88724433649"}
_2librisxl
887 _a{"@id":"w17rc9l238h8grh","modified":"2014-04-29T15:10:14+02:00","checksum":"103886087680"}
_2librisxl
887 _a{"@id":"48g0z7s94q2jrls","modified":"2013-09-25T16:45:07+02:00","checksum":"66930998476"}
_2librisxl
887 _a{"@id":"ns0kw3gt56h08lx","modified":"2013-11-11T15:06:07+01:00","checksum":"116667842859"}
_2librisxl
887 _a{"@id":"bgn6zfgh2617bvf","modified":"2015-06-29T17:01:42+02:00","checksum":"67216318868"}
_2librisxl
887 _a{"@id":"04b3nj154bk67pd","modified":"2015-01-16T09:25:36+01:00","checksum":"122491241143"}
_2librisxl
887 _a{"@id":"26fkgj073br6jw5","modified":"2016-12-22T10:15:35+01:00","checksum":"51451958712"}
_2librisxl
942 _2z
_cBOOK
948 s _6648
_aTvåtusentalet
_u2000-talet
948 s _6648
_aTjugohundratalet
_u2000-talet